Automatizované systémy riadenia v bankovníctve

Guardado en:
Detalles Bibliográficos
Autor principal: Petrjánošová, Božena
Autor Corporativo: Vysoká škola ekonomická v Bratislave. Národohospodárska fakulta
Formato: Libro
Lenguaje:eslovaco
Publicado: Bratislava Vysoká škola ekonomická 1989
Edición:1. vyd.
Materias:
Etiquetas: Agregar Etiqueta
Sin Etiquetas, Sea el primero en etiquetar este registro!

MARC

LEADER 00000nam a2200000 4500
001 c034146
005 20221215070321.8
041 0 |a slo 
044 |a SK 
245 1 0 |a Automatizované systémy riadenia v bankovníctve  |c Božena Petrjánošová 
250 |a 1. vyd. 
264 1 |a Bratislava  |b Vysoká škola ekonomická  |c 1989 
300 |a 189 s. 
610 2 0 |a systémy riadenia automatizované 
610 2 0 |a banky 
100 1 |a Petrjánošová, Božena 
710 2 |a Vysoká škola ekonomická v Bratislave. Národohospodárska fakulta